Top 100: Flowers - Statistics

General Stats
  • This quiz has been taken 356 times
  • The average score is 37 of 100
Answer Stats
Answer % Correct
Rose
98%
Lily
90%
Daisy
87%
Tulip
85%
Sunflower
76%
Daffodil
73%
Violet
73%
Iris
71%
Orchid
69%
Pansy
68%
Poppy
67%
Dahlia
66%
Petunia
66%
Marigold
65%
Dandelion
61%
Hyacinth
61%
Lavender
61%
Hydrangea
60%
Peony
59%
Chrysanthemum
58%
Aster
55%
Geranium
53%
Crocus
52%
Lotus
52%
Zinnia
51%
Begonia
49%
Primrose
46%
Foxglove
45%
Azalea
44%
Cosmos
41%
Snapdragon
41%
Buttercup
39%
Delphinium
39%
Allium
37%
Yarrow
37%
Anemone
36%
Carnations
36%
Cornflower
36%
Gardenia
36%
Phlox
36%
Black-eyed Susan
35%
Freesia
35%
Ranunculus
35%
Kale
34%
Verbena
34%
Gladiolus
33%
Periwinkle
33%
Stock
32%
Calendula
31%
Impatiens
31%
Angelica
30%
Canterbury Bells
30%
Lupine
30%
Tansy
30%
Artemisia
29%
Larkspur
29%
Rue
29%
Roselily
28%
Tithonia
28%
Catmint
27%
Moonflower
27%
Amaranthus
26%
Scabiosa
26%
Chives
25%
Mazus
25%
Campanula
24%
Celosia
24%
Cleome
24%
Comfrey
24%
Lantana
24%
Fennel
23%
Hosta
23%
Raffelsia
23%
Sanvitalia
23%
Brunia
22%
Gaura
22%
Heliotrope
22%
Leadwort
22%
Nierembergia
22%
Baneberry
21%
Hyssop
21%
Gypsophila
20%
Geum
19%
Liatris
19%
Agapanthus
18%
Bugloss
18%
Dusty Miller
18%
Lisianthus
18%
Astilbe
17%
Bugleweed
17%
Dianthus
16%
Eryngium
15%
Hypericum
15%
Boneset
14%
Browallia
10%
Aubreita
7%
Alstroemeria
4%
Diascia
2%
Ageratum
1%
No matching quizzes found
Score Distribution
Percent of People with Each Score
Percentile by Number Answered
Your Score History
You have not taken this quiz